[Event "4NCL/Div4/CAMB2 vs. CHED"]
[Site "West Bromwich ENG"]
[Date "2005.12.03"]
[Round "3.2"]
[White "Wallace, Paul"]
[Black "Low, Ying Min"]
[Result "1-0"]
[WhiteElo "2235"]
[BlackElo "2050"]
[PlyCount "59"]
[EventDate "2005.12.03"]
[SourceDate "2005.10.25"]

1. e4 c5 2. Nc3 Nc6 3. Nf3 e6 4. d4 cxd4 5. Nxd4 Qc7 6. Be3 a6 7. Bd3 Nf6 8.
O-O Ne5 9. h3 Bc5 10. Qe2 d6 11. f4 Ng6 12. Qf2 b5 13. e5 Nd5 14. Nxd5 exd5 15.
exd6 Bxd6 16. Bxb5+ axb5 17. Nxb5 Qc6 18. Nxd6+ Qxd6 19. Bc5 Qc6 20. c4 Be6 21.
f5 O-O-O 22. fxe6 fxe6 23. Rac1 d4 24. Bxd4 e5 25. Qf5+ Kb7 26. Be3 Rhf8 27.
Qg4 h5 28. Qxh5 Nf4 29. Bxf4 Qc5+ 30. Kh1 1-0

[Event "4NCL/Div4/CAMB2 vs. CHED"]
[Site "West Bromwich ENG"]
[Date "2005.12.03"]
[Round "3.3"]
[White "Gallagher, Ian G"]
[Black "Smith, Alan A"]
[Result "0-1"]
[WhiteElo "2010"]
[BlackElo "2260"]
[PlyCount "64"]
[EventDate "2005.12.03"]
[SourceDate "2005.10.25"]

1. d4 b6 2. e4 Bb7 3. Nc3 e6 4. Bd3 g6 5. f4 Bg7 6. Nf3 d6 7. O-O Nd7 8. Qe2
Ne7 9. Be3 O-O 10. Rad1 a6 11. Qf2 Rc8 12. f5 exf5 13. exf5 c5 14. Ng5 Nf6 15.
fxg6 Nxg6 16. Qg3 cxd4 17. Qh3 Rc5 18. Rxf6 Rxg5 19. Bxg5 Bxf6 20. Bxf6 Qxf6
21. Ne2 Re8 22. Rf1 Qe5 23. Rxf7 Kxf7 24. Qxh7+ Ke6 25. Qxb7 Qe3+ 26. Kh1 Ne5
27. Qe4 Qxe4 28. Bxe4 Kf6 29. g3 Nc4 30. Bf3 Ke5 31. b3 Ne3 32. Bh5 Rc8 0-1

[Event "4NCL/Div4/CAMB2 vs. CHED"]
[Site "West Bromwich ENG"]
[Date "2005.12.03"]
[Round "3.4"]
[White "Gilmore, Simon N"]
[Black "Campbell, Mark"]
[Result "1-0"]
[WhiteElo "2140"]
[BlackElo "2005"]
[PlyCount "71"]
[EventDate "2005.12.03"]
[SourceDate "2005.10.25"]

1. e4 c5 2. c4 Nc6 3. Ne2 e5 4. d3 d6 5. g3 Be6 6. Bg2 Be7 7. O-O f5 8. exf5
Bxf5 9. Nbc3 Nf6 10. f4 Qd7 11. Nd5 Nxd5 12. Bxd5 Nb4 13. Be4 Bh3 14. Rf2 O-O
15. Be3 d5 16. cxd5 Nxd5 17. Bd2 exf4 18. Bxd5+ Qxd5 19. Nxf4 Qd7 20. Qb3+ Kh8
21. Nxh3 Qxh3 22. Qxb7 Rxf2 23. Qxa8+ Rf8 24. Qe4 Bf6 25. Bc3 Bxc3 26. bxc3 Qh5
27. Re1 Qf7 28. Qe2 Qg6 29. Rf1 Re8 30. Qf2 h6 31. Qf7 Qc6 32. Qf3 Qe6 33. c4
Qd6 34. Rf2 Rd8 35. Qe4 Qxd3 36. Rf8+ 1-0

[Event "4NCL/Div4/CAMB2 vs. CHED"]
[Site "West Bromwich ENG"]
[Date "2005.12.03"]
[Round "3.5"]
[White "Kreuzer, Christopher"]
[Black "Buxton, David E"]
[Result "0-1"]
[WhiteElo "1995"]
[BlackElo "2110"]
[PlyCount "78"]
[EventDate "2005.12.03"]
[SourceDate "2005.10.25"]

1. e4 e6 2. d4 d5 3. exd5 exd5 4. c4 Nf6 5. Bg5 Bb4+ 6. Nc3 c6 7. cxd5 Qa5 8.
Qe2+ Be6 9. dxe6 Bxc3+ 10. Bd2 Bxd2+ 11. Qxd2 Qxd2+ 12. Kxd2 fxe6 13. Bc4 Nbd7
14. Re1 O-O-O 15. Bxe6 Kb8 16. Nf3 c5 17. Ng5 Nb6 18. d5 Rhf8 19. Nf7 Rde8 20.
Nd6 Rd8 21. Nf7 Rde8 22. f4 Nfxd5 23. f5 Re7 24. Nd6 Nf4 25. Re4 Nxe6 26. Rxe6
Rxe6 27. fxe6 Rd8 28. Re1 Rxd6+ 29. Kc2 Rd8 30. Rf1 Re8 31. Rf7 Rxe6 32. Rxg7
h6 33. h4 Nd5 34. g4 Nf4 35. Rf7 Ng2 36. h5 Ne3+ 37. Kd3 Nxg4 38. Rg7 Nf6 39.
Rg6 Nxh5 0-1

[Event "4NCL/Div4/CAMB2 vs. CHED"]
[Site "West Bromwich ENG"]
[Date "2005.12.03"]
[Round "3.6"]
[White "May, Skott K"]
[Black "Somerfield, Adrian P"]
[Result "1-0"]
[WhiteElo "1990"]
[BlackElo "1835"]
[PlyCount "57"]
[EventDate "2005.12.03"]
[SourceDate "2005.10.25"]

1. d4 Nf6 2. Bf4 g6 3. Nf3 Bg7 4. h3 d6 5. c3 Nbd7 6. Nbd2 c5 7. e3 O-O 8. Qb3
cxd4 9. exd4 Nh5 10. Bh2 e5 11. dxe5 dxe5 12. O-O-O Qe7 13. Ne4 a5 14. Bb5 Nb6
15. a4 Be6 16. Qc2 Nc4 17. Rhe1 Rfd8 18. g4 Rxd1+ 19. Qxd1 Nf4 20. Bxf4 exf4
21. Qe2 Qc7 22. g5 Nd6 23. Nf6+ Bxf6 24. gxf6 Nxb5 25. Qxb5 h6 26. Ne5 Kh7 27.
Nxf7 Qxf7 28. Rxe6 Qxe6 29. Qxb7+ 1-0

[Event "4NCL/Div4/GUI4 vs. 3CS2"]
[Site "West Bromwich ENG"]
[Date "2005.12.03"]
[Round "3.1"]
[White "Allinson, Julian"]
[Black "Bentley, John L"]
[Result "1-0"]
[WhiteElo "2205"]
[BlackElo "2220"]
[PlyCount "97"]
[EventDate "2005.12.03"]
[SourceDate "2005.10.25"]

1. d4 Nf6 2. Nf3 g6 3. c4 c5 4. d5 d6 5. Nc3 Bg7 6. h3 O-O 7. e4 b5 8. cxb5 a6
9. a4 axb5 10. Bxb5 Ba6 11. Be3 Nbd7 12. O-O Ne8 13. Qd2 Nc7 14. Bh6 Bxb5 15.
axb5 Qb8 16. Bxg7 Kxg7 17. Qe2 f6 18. Ra3 Qb7 19. Rfa1 Rfb8 20. Rxa8 Rxa8 21.
Rxa8 Qxa8 22. Nd2 Qa5 23. Nc4 Qb4 24. Na3 Nb6 25. g3 Kf7 26. h4 Qd4 27. Nc2 Qc4
28. Qxc4 Nxc4 29. b4 Ke8 30. Kf1 Kd7 31. Ke2 Kc8 32. f4 Kb7 33. bxc5 dxc5 34.
Na4 Nxb5 35. Nxc5+ Kc7 36. Ne6+ Kd7 37. Ncd4 Nbd6 38. Kd3 Nb6 39. g4 Ke8 40.
Nc6 Kf7 41. Kd4 Nd7 42. Nc7 Ne8 43. Nd8+ Kf8 44. Nde6+ Kf7 45. e5 fxe5+ 46.
fxe5 h6 47. Nxe8 Kxe8 48. Nf4 Nf8 49. e6 1-0

[Event "4NCL/Div4/GUI4 vs. 3CS2"]
[Site "West Bromwich ENG"]
[Date "2005.12.03"]
[Round "3.2"]
[White "Jaunooby, Ali Reza"]
[Black "Punnett, Alan K"]
[Result "1/2-1/2"]
[WhiteElo "2160"]
[BlackElo "2155"]
[PlyCount "59"]
[EventDate "2005.12.03"]
[SourceDate "2005.10.25"]

1. d4 Nf6 2. c4 e6 3. Nc3 Bb4 4. Bg5 h6 5. Bh4 g5 6. Bg3 Ne4 7. Qc2 Bxc3+ 8.
bxc3 Nxg3 9. hxg3 Qf6 10. e3 d6 11. f4 e5 12. Nf3 gxf4 13. gxf4 exf4 14. Qe4+
Kf8 15. Qxf4 Qxf4 16. exf4 Bf5 17. Kd2 Nd7 18. Nh4 Be4 19. Bd3 Nf6 20. Rae1 Re8
21. Re3 Bxd3 22. Kxd3 Rxe3+ 23. Kxe3 Kg7 24. Kf3 h5 25. Rb1 b6 26. Rb5 Re8 27.
Rg5+ Kf8 28. Rf5 Kg7 29. Rg5+ Kf8 30. Rf5 1/2-1/2

[Event "4NCL/Div4/GUI4 vs. 3CS2"]
[Site "West Bromwich ENG"]
[Date "2005.12.03"]
[Round "3.3"]
[White "Horton, Justin"]
[Black "Adams, Phil"]
[Result "1-0"]
[WhiteElo "2110"]
[BlackElo "2150"]
[PlyCount "55"]
[EventDate "2005.12.03"]
[SourceDate "2005.10.25"]

1. d4 Nf6 2. Nf3 g6 3. c4 Bg7 4. g3 O-O 5. Bg2 d6 6. O-O Nc6 7. Nc3 Bg4 8. b3
Nd7 9. Be3 e5 10. dxe5 dxe5 11. Qd2 Rb8 12. Rad1 a6 13. Bh6 Qc8 14. Bxg7 Kxg7
15. h3 Bxf3 16. Bxf3 Nd4 17. Bg2 Rd8 18. e3 Ne6 19. Qb2 f6 20. f4 exf4 21. exf4
c5 22. Rfe1 Ndf8 23. Nd5 Rxd5 24. cxd5 Nd4 25. Re7+ Kg8 26. Rxd4 cxd4 27. Qxd4
Nd7 28. d6 1-0

[Event "4NCL/Div4/GUI4 vs. 3CS2"]
[Site "West Bromwich ENG"]
[Date "2005.12.03"]
[Round "3.4"]
[White "Tompson, John C"]
[Black "Singleton, Michael"]
[Result "0-1"]
[WhiteElo "2050"]
[BlackElo "2105"]
[PlyCount "66"]
[EventDate "2005.12.03"]
[SourceDate "2005.10.25"]

1. e4 c5 2. Nf3 Nc6 3. Bb5 g6 4. Bxc6 dxc6 5. O-O Nf6 6. d3 Bg7 7. Nc3 O-O 8.
Be3 b6 9. h3 h6 10. Qe1 Qc7 11. Nh2 Nh5 12. f4 Bd4 13. Bxd4 cxd4 14. Ne2 c5 15.
Qh4 Kh7 16. f5 Nf6 17. Ng4 Nxg4 18. fxg6+ fxg6 19. hxg4 Be6 20. Rf3 Kg7 21.
Raf1 Rf7 22. Nf4 Rxf4 23. Rxf4 g5 24. Qh5 gxf4 25. g5 Rh8 26. e5 Qxe5 27. gxh6+
Kf6 28. Qh4+ Qg5 29. Rxf4+ Kg6 30. Qf2 Qxh6 31. Qg3+ Qg5 32. Qf3 Bd5 33. Qf2 e5
0-1

[Event "4NCL/Div4/GUI4 vs. 3CS2"]
[Site "West Bromwich ENG"]
[Date "2005.12.03"]
[Round "3.5"]
[White "Shepley, Julien M"]
[Black "Hazlehurst, Cory"]
[Result "1/2-1/2"]
[WhiteElo "2085"]
[BlackElo "1945"]
[PlyCount "54"]
[EventDate "2005.12.03"]
[SourceDate "2005.10.25"]

1. d4 d5 2. Nf3 Bg4 3. Qd3 Bxf3 4. Qxf3 Nf6 5. Nc3 e6 6. Bg5 Be7 7. e3 O-O 8.
Bd3 Nbd7 9. Qg3 Ne4 10. Nxe4 dxe4 11. Bh6 g6 12. Bxe4 Re8 13. h4 Nf6 14. Bf3
Bd6 15. Bf4 Bxf4 16. Qxf4 Nd5 17. Bxd5 Qxd5 18. O-O c5 19. c4 Qxc4 20. Rac1
Qxa2 21. Rxc5 Qxb2 22. Rc7 Rf8 23. Rfc1 Qb5 24. R1c5 Qb1+ 25. Rc1 Qb5 26. R7c5
Qd7 27. Rc7 Qb5 1/2-1/2

[Event "4NCL/Div4/GUI4 vs. 3CS2"]
[Site "West Bromwich ENG"]
[Date "2005.12.03"]
[Round "3.6"]
[White "Glover, Richard"]
[Black "Hill, David F"]
[Result "0-1"]
[WhiteElo "1965"]
[BlackElo "2070"]
[PlyCount "102"]
[EventDate "2005.12.03"]
[SourceDate "2005.10.25"]

1. e4 e6 2. d4 d5 3. Nd2 Nc6 4. Ngf3 Nf6 5. e5 Nd7 6. Bd3 Nb4 7. Bb5 c6 8. Ba4
Qa5 9. Bb3 c5 10. O-O cxd4 11. Nxd4 Nc6 12. N2f3 Ndxe5 13. Nxe5 Nxe5 14. Re1
Nc4 15. c3 Bd7 16. Qh5 g6 17. Qf3 Bg7 18. Bxc4 dxc4 19. Qxb7 Rc8 20. Rd1 Rc7
21. Qa8+ Ke7 22. Qf3 e5 23. Nc2 Re8 24. Nb4 Kf8 25. Nd5 Bc6 26. Be3 Rd7 27. b4
Qa4 28. Bc5+ Kg8 29. Rd2 Red8 30. Ne7+ Kh8 31. Rxd7 Bxd7 32. Qxf7 Be6 33. Qf3
e4 34. Qe2 Bxc3 35. Rf1 Qd7 36. Qxe4 Bf6 37. Nxg6+ hxg6 38. Qxg6 Qg7 39. Qxg7+
Kxg7 40. Bxa7 Ra8 41. Be3 Rxa2 42. b5 Rb2 43. b6 c3 44. h3 c2 45. Rc1 Bf5 46.
g4 Be4 47. g5 Bc3 48. f4 Kg6 49. Kf2 Rb1 50. Rg1 Rxg1 51. Kxg1 Bd4 0-1

[Event "4NCL/Div4/CONQ vs. SXM"]
[Site "West Bromwich ENG"]
[Date "2005.12.03"]
[Round "3.1"]
[White "Osborne, Marcus E"]
[Black "Prescott, Adam P"]
[Result "1-0"]
[WhiteElo "2230"]
[BlackElo "2060"]
[PlyCount "87"]
[EventDate "2005.12.03"]
[SourceDate "2005.10.25"]

1. Nf3 g6 2. c4 Bg7 3. g3 d6 4. Bg2 e5 5. d4 exd4 6. Nxd4 Ne7 7. Nc3 Nbc6 8.
Nxc6 Nxc6 9. O-O O-O 10. Qd2 Be6 11. b3 Rb8 12. Bb2 a6 13. Nd5 Bxd5 14. cxd5
Bxb2 15. Qxb2 Ne5 16. Rac1 f5 17. Rc3 Rc8 18. Rfc1 Rf7 19. f4 Ng4 20. h3 Nf6
21. Re3 Re7 22. Qd4 Rxe3 23. Qxe3 Qd7 24. Qa7 Qb5 25. Qd4 Kf7 26. Bf3 h5 27.
Kf2 Qd7 28. Qa7 Qb5 29. Qd4 Qd7 30. Qa7 Qb5 31. Qe3 Qd7 32. Qe6+ Kg7 33. Qxd7+
Nxd7 34. g4 hxg4 35. hxg4 Kf6 36. g5+ Kf7 37. e4 fxe4 38. Bg4 e3+ 39. Kxe3 Re8+
40. Be6+ Rxe6+ 41. dxe6+ Kxe6 42. Rxc7 b5 43. Ra7 Nc5 44. Rg7 1-0

[Event "4NCL/Div4/CONQ vs. SXM"]
[Site "West Bromwich ENG"]
[Date "2005.12.03"]
[Round "3.2"]
[White "Fraser, Joe P"]
[Black "Prizant, Michael"]
[Result "0-1"]
[WhiteElo "2065"]
[BlackElo "2135"]
[PlyCount "52"]
[EventDate "2005.12.03"]
[SourceDate "2005.10.25"]

1. e4 c5 2. Nf3 d6 3. d4 cxd4 4. Nxd4 Nf6 5. Nc3 g6 6. f4 Nc6 7. Nxc6 bxc6 8.
e5 Nd7 9. exd6 exd6 10. Be3 Be7 11. Qd2 O-O 12. Bd3 d5 13. Ne2 c5 14. c3 Nf6
15. h3 Bb7 16. O-O Ne4 17. Bxe4 dxe4 18. Qxd8 Raxd8 19. c4 Rd3 20. Kf2 Rfd8 21.
Nc3 Bf6 22. Rac1 Bd4 23. Rfe1 f5 24. Rc2 Kf7 25. Na4 Bc6 26. Nxc5 Rxe3 0-1

[Event "4NCL/Div4/CONQ vs. SXM"]
[Site "West Bromwich ENG"]
[Date "2005.12.03"]
[Round "3.3"]
[White "Jackson, Paul G"]
[Black "Bucher, Grant W"]
[Result "0-1"]
[WhiteElo "1995"]
[BlackElo "2025"]
[PlyCount "82"]
[EventDate "2005.12.03"]
[SourceDate "2005.10.25"]

1. d4 f5 2. Bg5 c5 3. e4 Qb6 4. Nd2 Qxb2 5. exf5 Qxd4 6. Ngf3 Qd5 7. Bd3 Nf6 8.
O-O Nc6 9. a3 d6 10. Bxf6 gxf6 11. Nh4 Kd8 12. f4 Bh6 13. Qh5 Bg7 14. Rad1 Bd7
15. Kh1 Kc7 16. Rfe1 Be8 17. Qe2 Qf7 18. Nb3 Rd8 19. Bb5 Bf8 20. Qd3 Qh5 21.
Bxc6 Bxc6 22. Nf3 Qe8 23. Na5 b6 24. Nxc6 Qxc6 25. a4 a5 26. Rb1 Rb8 27. Nd2
Rg8 28. Re2 Rg7 29. Nc4 Rf7 30. Ne3 Kd8 31. Nd5 Bh6 32. Kg1 Rg7 33. g3 Rg8 34.
c4 Rb7 35. Rbe1 Bf8 36. Re3 h5 37. Re6 h4 38. Qe3 hxg3 39. hxg3 Rh8 40. Nxf6
Qh1+ 41. Kf2 Rh2# 0-1

[Event "4NCL/Div4/CONQ vs. SXM"]
[Site "West Bromwich ENG"]
[Date "2005.12.03"]
[Round "3.4"]
[White "Tucker, Andrew L"]
[Black "Foster, James C"]
[Result "0-1"]
[WhiteElo "1980"]
[BlackElo "1950"]
[PlyCount "98"]
[EventDate "2005.12.03"]
[SourceDate "2005.10.25"]

1. d4 d5 2. Bg5 h6 3. Bh4 Nd7 4. e3 Ngf6 5. f4 e6 6. Bd3 c5 7. c3 Be7 8. Nf3 c4
9. Bc2 a6 10. Nbd2 b5 11. Bxf6 gxf6 12. e4 Nb6 13. Qe2 Bb7 14. e5 f5 15. Nf1
Nd7 16. Ne3 Rg8 17. Rf1 b4 18. Ba4 Qa5 19. Qc2 Rc8 20. Bxd7+ Kxd7 21. Kf2 Bc6
22. Rfb1 Ba4 23. Qd2 bxc3 24. bxc3 Rb8 25. h3 Rb5 26. Rxb5 axb5 27. a3 Bb3 28.
Ne1 Bh4+ 29. Kf1 Bg3 30. N3c2 Qd8 31. Nf3 Qe7 32. Nb4 Ra8 33. Qe3 Ba4 34. Ng1
Bh4 35. g3 Rg8 36. gxh4 Qxh4 37. Ne2 Kc7 38. Na6+ Kb6 39. Nc5 Bc2 40. Rc1 Be4
41. Nxe4 fxe4 42. Rb1 Ka5 43. Ng1 Rg3 44. Qf2 e3 45. Qh2 Qxf4+ 46. Ke2 Qg5 47.
Rc1 Rg2+ 48. Qxg2 Qxg2+ 49. Kxe3 Qe4+ 0-1

[Event "4NCL/Div4/CONQ vs. SXM"]
[Site "West Bromwich ENG"]
[Date "2005.12.03"]
[Round "3.5"]
[White "Cork, David J"]
[Black "Richardson, Joe M"]
[Result "0-1"]
[WhiteElo "1955"]
[BlackElo "1950"]
[PlyCount "136"]
[EventDate "2005.12.03"]
[SourceDate "2005.10.25"]

1. e4 e5 2. Nf3 Nc6 3. Bb5 a6 4. Ba4 Nf6 5. O-O b5 6. Bb3 Be7 7. d4 exd4 8. e5
Ng4 9. Nxd4 Ngxe5 10. Nf5 O-O 11. Re1 Bf6 12. Nc3 d6 13. Ng3 Bg4 14. f3 Bd7 15.
Nce4 Na5 16. Nxf6+ Qxf6 17. Bd5 c6 18. Be4 d5 19. Bd3 Rfe8 20. Be3 Nac4 21. Bd4
Nxf3+ 22. Qxf3 Qxd4+ 23. Kh1 Bg4 24. Qf1 Nxb2 25. Nf5 Bxf5 26. Bxf5 Nc4 27. Bd7
Rxe1 28. Rxe1 Ne5 29. Qf5 Nxd7 30. Qxd7 Qc5 31. Re8+ Rxe8 32. Qxe8+ Qf8 33.
Qxc6 g6 34. h4 Qb4 35. Qe8+ Kg7 36. Qe5+ f6 37. Qc7+ Kh6 38. g3 Qc4 39. Qf7
Qf1+ 40. Kh2 Qf2+ 41. Kh3 Qf5+ 42. g4 Qf3+ 43. Kh2 Qxg4 44. Qxf6 Kh5 45. Qe5+
Qf5 46. Qe2+ Kxh4 47. Qe7+ g5 48. Qe1+ Kh5 49. Qe8+ Qg6 50. Qc8 Qe4 51. Qxa6
Qxc2+ 52. Kg1 Qe2 53. Qa7 h6 54. Qf7+ Kg4 55. Qd7+ Kg3 56. Qd6+ Kh3 57. Qxh6+
Kg4 58. Qc6 d4 59. Qd7+ Kh4 60. Qh7+ Kg3 61. Qc7+ Kf3 62. Qf7+ Ke3 63. Qe6+ Kd2
64. Qd5 Qe3+ 65. Kg2 g4 66. Qc5 Ke1 67. Kh1 Kf2 68. Qc2+ Qe2 0-1

[Event "4NCL/Div4/CONQ vs. SXM"]
[Site "West Bromwich ENG"]
[Date "2005.12.03"]
[Round "3.6"]
[White "Fraser, Nicholas"]
[Black "Auckland, Elliot"]
[Result "0-1"]
[WhiteElo "1590"]
[BlackElo "1670"]
[PlyCount "42"]
[EventDate "2005.12.03"]
[SourceDate "2005.10.25"]

1. e4 e5 2. Nf3 d6 3. Nc3 c6 4. d4 Nd7 5. Be3 Be7 6. Bc4 h6 7. Qd2 Ngf6 8.
O-O-O b5 9. Bb3 b4 10. Ne2 Nxe4 11. Qxb4 Ba6 12. Nc3 d5 13. Qa4 Nxc3 14. bxc3
Bb5 15. dxe5 Bxa4 16. Bxa4 Ba3+ 17. Kb1 Rb8+ 18. Ka1 Bb2+ 19. Kb1 Bxc3+ 20. Kc1
Qa5 21. Bxc6 Qa3# 0-1

[Event "4NCL/Div4/BCA vs. SLOS4"]
[Site "West Bromwich ENG"]
[Date "2005.12.03"]
[Round "3.1"]
[White "Mordue, A Tyson"]
[Black "Cox, Tristan"]
[Result "0-1"]
[WhiteElo "2225"]
[BlackElo "2095"]
[PlyCount "82"]
[EventDate "2005.12.03"]
[SourceDate "2005.10.25"]

1. e4 c5 2. Nf3 Nc6 3. d4 cxd4 4. Nxd4 Nf6 5. Nc3 e5 6. Ndb5 d6 7. Bg5 a6 8.
Na3 b5 9. Nd5 Be7 10. Nxe7 Nxe7 11. Bxf6 gxf6 12. Qf3 f5 13. exf5 Bxf5 14. Bd3
Be6 15. O-O O-O 16. c3 f5 17. Nc2 Kh8 18. Rfe1 Rg8 19. Bf1 Ra7 20. Rad1 f4 21.
Qd3 Bf5 22. Qd2 Ng6 23. f3 Qb6+ 24. Kh1 Nh4 25. Qxd6 Qxd6 26. Rxd6 Bxc2 27.
Rxe5 Rag7 28. Re2 Bf5 29. Rd4 Bh3 30. Rdd2 Nxf3 31. Rd3 Bg4 32. Rf2 Ne1 33. Rd4
Bf3 34. Rxf4 Bxg2+ 35. Bxg2 Nxg2 36. Rf8 Ne3 37. Rxg8+ Kxg8 38. Rd2 Nc4 39.
Rd8+ Kf7 40. Ra8 Rg6 41. Ra7+ Kg8 0-1

[Event "4NCL/Div4/BCA vs. SLOS4"]
[Site "West Bromwich ENG"]
[Date "2005.12.03"]
[Round "3.2"]
[White "Ufodike, Bel"]
[Black "Ross, Chris"]
[Result "0-1"]
[WhiteElo "2090"]
[BlackElo "2165"]
[PlyCount "100"]
[EventDate "2005.12.03"]
[SourceDate "2005.10.25"]

1. d4 e6 2. c4 Nf6 3. Nc3 d5 4. Bg5 Be7 5. e3 Nbd7 6. Nf3 O-O 7. Qc2 c6 8. cxd5
exd5 9. Bd3 h6 10. Bh4 Re8 11. O-O-O a5 12. Kb1 a4 13. Rhg1 Qa5 14. g4 b5 15.
g5 hxg5 16. Rxg5 b4 17. Rdg1 Bf8 18. Ne2 b3 19. axb3 axb3 20. Qxb3 c5 21. Qb5
Qa2+ 22. Kc2 Rb8 23. Nc3 Qa7 24. Qa4 Qb7 25. Qa2 c4 26. Bf5 Ra8 27. Qb1 Qb3+
28. Kd2 Qb4 29. Ne5 Nxe5 30. dxe5 Bxf5 31. Rxf5 Ne4+ 32. Ke2 Qxc3 33. bxc3
Nxc3+ 34. Kd2 Nxb1+ 35. Rxb1 Reb8 36. Rxb8 Rxb8 37. Rf4 Bc5 38. Kc2 Ra8 39. Rg4
Ra2+ 40. Kb1 Re2 41. Bf6 Rxf2 42. Rxg7+ Kf8 43. Rh7 Ke8 44. Bg5 c3 45. Rh8+ Kd7
46. Ra8 Rxh2 47. Ra6 Re2 48. Kc1 Bb4 49. Kd1 c2+ 50. Kc1 Bc3 0-1

[Event "4NCL/Div4/BCA vs. SLOS4"]
[Site "West Bromwich ENG"]
[Date "2005.12.03"]
[Round "3.3"]
[White "Hilton, Steve"]
[Black "Edgell, Ben P"]
[Result "1/2-1/2"]
[WhiteElo "2045"]
[BlackElo "2095"]
[PlyCount "55"]
[EventDate "2005.12.03"]
[SourceDate "2005.10.25"]

1. d4 Nf6 2. c4 e6 3. Nf3 b6 4. Bf4 Bb7 5. e3 Bb4+ 6. Nfd2 O-O 7. Bd3 d6 8. O-O
Bxd2 9. Qxd2 Qe8 10. Nc3 a6 11. Bg5 Nbd7 12. e4 e5 13. d5 h6 14. Be3 Ng4 15. h3
Nxe3 16. fxe3 Bc8 17. Ne2 Nc5 18. Ng3 Qe7 19. Nf5 Bxf5 20. exf5 Qf6 21. b4 Nd7
22. e4 a5 23. b5 Nc5 24. Rf3 Kh8 25. Raf1 Nd7 26. Qe3 Qh4 27. Qf2 Qxf2+ 28.
Kxf2 1/2-1/2

[Event "4NCL/Div4/BCA vs. SLOS4"]
[Site "West Bromwich ENG"]
[Date "2005.12.03"]
[Round "3.4"]
[White "Folayan, Sola"]
[Black "Armstrong, William G"]
[Result "0-1"]
[WhiteElo "2065"]
[BlackElo "1985"]
[PlyCount "48"]
[EventDate "2005.12.03"]
[SourceDate "2005.10.25"]

1. e4 c5 2. Nf3 Nc6 3. d4 cxd4 4. Nxd4 Nf6 5. Nc3 e5 6. Nf5 d5 7. exd5 Bxf5 8.
dxc6 Qxd1+ 9. Nxd1 bxc6 10. Ne3 Be6 11. c3 Rb8 12. Be2 Nd5 13. Nc4 f6 14. O-O
Bc5 15. Kh1 O-O 16. Na5 Rfc8 17. Bc4 Kf7 18. f4 exf4 19. Bxf4 Rxb2 20. Ba6 Nxf4
21. Bxc8 Bd5 22. Rf3 Nxg2 23. Bb7 Bxf3 24. Bxc6 Nh4+ 0-1

[Event "4NCL/Div4/BCA vs. SLOS4"]
[Site "West Bromwich ENG"]
[Date "2005.12.03"]
[Round "3.5"]
[White "Burnell, Steve"]
[Black "Makepeace, Philip J"]
[Result "1/2-1/2"]
[WhiteElo "1960"]
[BlackElo "2050"]
[PlyCount "121"]
[EventDate "2005.12.03"]
[SourceDate "2005.10.25"]

1. d4 Nf6 2. c4 c5 3. d5 b5 4. Nf3 g6 5. Bf4 d6 6. a3 Bg7 7. Nc3 bxc4 8. e4 Nh5
9. Be3 O-O 10. Bxc4 f5 11. exf5 Bxf5 12. Ng5 Qc8 13. Qd2 Nd7 14. h3 Ne5 15. Be2
h6 16. Nf3 Nxf3+ 17. Bxf3 Nf6 18. Bxh6 Rb8 19. Bxg7 Kxg7 20. O-O Rh8 21. Qe2
Kf7 22. Rfe1 Qb7 23. Rad1 Rh4 24. g4 Bc8 25. Bg2 a6 26. Ne4 Nxe4 27. Qxe4 Rh7
28. Rd2 Rg7 29. Rde2 Kg8 30. Qd3 Bd7 31. Rxe7 Qxb2 32. Rxg7+ Qxg7 33. Qxa6 Qc3
34. Rd1 Qf6 35. Qa5 Rb2 36. Qe1 c4 37. Rc1 c3 38. Rxc3 Rxf2 39. Rc7 Ra2 40. Kh2
Qf4+ 41. Qg3 Qxg3+ 42. Kxg3 Rxa3+ 43. Kf4 Be8 44. Re7 Bf7 45. Rd7 Ra2 46. Bf3
Ra4+ 47. Kg5 Ra3 48. Bg2 Rg3 49. Be4 Rxh3 50. Rxd6 Kf8 51. Bxg6 Ke7 52. Bxf7
Kxd6 53. Be6 Rg3 54. Kf5 Rf3+ 55. Kg6 Ke5 56. g5 Rf2 57. Kg7 Kd6 58. g6 Ke7 59.
Bf7 Rh2 60. Be6 Rh1 61. Bf7 1/2-1/2

[Event "4NCL/Div4/BCA vs. SLOS4"]
[Site "West Bromwich ENG"]
[Date "2005.12.03"]
[Round "3.6"]
[White "Hider, A Joe"]
[Black "Irving, Alastair"]
[Result "1-0"]
[WhiteElo "1815"]
[BlackElo "1545"]
[PlyCount "43"]
[EventDate "2005.12.03"]
[SourceDate "2005.10.25"]

1. d4 Nf6 2. Bg5 Ne4 3. Bf4 d5 4. f3 Nf6 5. c4 e6 6. Nc3 Bd7 7. e4 dxe4 8. fxe4
e5 9. dxe5 Ng4 10. Nf3 Bc5 11. Bg3 O-O 12. h3 Ne3 13. Qc1 Nxf1 14. Rxf1 Nc6 15.
Qd2 Re8 16. O-O-O Be6 17. Nd5 Nb4 18. Qf4 Nc6 19. Nf6+ gxf6 20. Rxd8 Raxd8 21.
exf6 Rd3 22. Qg5+ 1-0

[Event "4NCL/Div4/GUI5 vs. SCS"]
[Site "West Bromwich ENG"]
[Date "2005.12.03"]
[Round "3.1"]
[White "Smart, Michael R"]
[Black "Reynolds, D Ian"]
[Result "1/2-1/2"]
[WhiteElo "2070"]
[BlackElo "2125"]
[PlyCount "40"]
[EventDate "2005.12.03"]
[SourceDate "2005.10.25"]

1. e4 e5 2. d4 exd4 3. c3 dxc3 4. Bc4 cxb2 5. Bxb2 d5 6. Bxd5 Nf6 7. Bxf7+ Kxf7
8. Qxd8 Bb4+ 9. Qd2 Bxd2+ 10. Nxd2 Re8 11. Ngf3 Na6 12. O-O Bg4 13. Ne5+ Kg8
14. f3 Be6 15. a3 Rad8 16. Rfd1 Nd7 17. Ndc4 Nxe5 18. Nxe5 Bb3 19. Rxd8 Rxd8
20. Bc3 c5 1/2-1/2

[Event "4NCL/Div4/GUI5 vs. SCS"]
[Site "West Bromwich ENG"]
[Date "2005.12.03"]
[Round "3.2"]
[White "Kilpatrick, Callum"]
[Black "Dekker, Alain"]
[Result "0-1"]
[WhiteElo "2070"]
[BlackElo "2070"]
[PlyCount "120"]
[EventDate "2005.12.03"]
[SourceDate "2005.10.25"]

1. e4 c5 2. Nf3 d6 3. d4 cxd4 4. Nxd4 Nf6 5. Nc3 a6 6. Bc4 e6 7. Bb3 Nbd7 8.
O-O Nc5 9. Qe2 Be7 10. f4 O-O 11. f5 e5 12. Nf3 Nxb3 13. axb3 Bd7 14. Rd1 Qc7
15. Bg5 Bc6 16. Nd2 b5 17. b4 h6 18. Bxf6 Bxf6 19. Nb3 Ra7 20. Na5 Ba8 21. Ra3
Rc8 22. Qf2 Qb8 23. Nd5 Bxd5 24. Rxd5 Bd8 25. Qd2 Bg5 26. Qd3 Qb6+ 27. Kf1 Rd7
28. Rc3 Rxc3 29. bxc3 Rd8 30. g3 g6 31. h4 Be7 32. c4 bxc4 33. Qxc4 Kg7 34. c3
Rd7 35. Qc6 Qa7 36. Qc4 Rc7 37. Qd3 gxf5 38. exf5 e4 39. Qd2 Bf6 40. c4 Be5 41.
c5 Qa8 42. Rxd6 e3 43. Qxe3 Qh1+ 44. Ke2 Bxd6 45. Qd4+ Kh7 46. Qxd6 Qe4+ 47.
Kd1 Re7 48. Nb3 Qe2+ 49. Kc1 Qc4+ 50. Kb2 Re2+ 51. Ka3 Qc2 52. b5 axb5 53. Qd5
Qa2+ 54. Kb4 Re4+ 55. Kxb5 Qa4+ 56. Kb6 Rb4+ 57. Kc7 Qa7+ 58. Kd6 Qb8+ 59. Ke7
Rb7+ 60. Kf6 Qh8# 0-1

[Event "4NCL/Div4/GUI5 vs. SCS"]
[Site "West Bromwich ENG"]
[Date "2005.12.03"]
[Round "3.3"]
[White "Bryant, Richard"]
[Black "Lutton, J Arnold"]
[Result "1-0"]
[WhiteElo "2060"]
[BlackElo "1940"]
[PlyCount "81"]
[EventDate "2005.12.03"]
[SourceDate "2005.10.25"]

1. e4 e6 2. d4 d5 3. Nd2 Nf6 4. e5 Nfd7 5. Bd3 c5 6. c3 Nc6 7. Ne2 Be7 8. O-O
O-O 9. f4 f5 10. Kh1 Rf7 11. Nf3 h6 12. Rg1 g6 13. g4 Rg7 14. Qf1 Kf7 15. Qh3
Qh8 16. Ng5+ Kg8 17. Nf3 Nf8 18. Be3 b6 19. Rg3 Bd7 20. Rag1 Rc8 21. Qg2 cxd4
22. Nexd4 Bc5 23. gxf5 Nxd4 24. Nxd4 exf5 25. Bxf5 Bxd4 26. Bxd7 Bxe3 27. Bxc8
Bxg1 28. Kxg1 Qh7 29. Qxd5+ Kh8 30. Qd8 Rg8 31. Qf6+ Qg7 32. Qxg7+ Kxg7 33. f5
g5 34. Rd3 Kf7 35. Ba6 Ke7 36. f6+ Ke8 37. Bb5+ Kf7 38. Bc4+ Ne6 39. Rd7+ Ke8
40. Bxe6 Rh8 41. Rxa7 1-0

[Event "4NCL/Div4/GUI5 vs. SCS"]
[Site "West Bromwich ENG"]
[Date "2005.12.03"]
[Round "3.4"]
[White "Lowry-O'Reilly, Hannah"]
[Black "Shaw, Matthew"]
[Result "0-1"]
[WhiteElo "1790"]
[BlackElo "1815"]
[PlyCount "44"]
[EventDate "2005.12.03"]
[SourceDate "2005.10.25"]

1. d4 Nf6 2. c4 g6 3. Nc3 Bg7 4. e3 d6 5. Bd3 O-O 6. Nf3 c5 7. d5 e6 8. O-O
exd5 9. Nxd5 Nc6 10. e4 h6 11. Rb1 Bg4 12. Be3 Ne5 13. Re1 Nxd5 14. exd5 Nxd3
15. Qxd3 Bf5 16. Qd2 Bxb1 17. Rxb1 g5 18. h4 g4 19. Bxh6 gxf3 20. gxf3 Qxh4 21.
Bxg7 Kxg7 22. Kg2 Rh8 0-1